000
00205 a2200097 4500
001
44019
100
_a
Watt
245
_a
Muhammad at Mecca
260
_a
Oxford
_b
Clarendon press
_c
090
_c
27758
_d
27758
942
_a
NUST-CAE
_c
M
_c
19733
999
_c
279092
_d
279092